000 01039cam a22001934a 4500
005 20250605164118.0
008 250528s ||||||||||||||||||||||||d
035 _a18149
020 _a1883577039
040 _aGR-AtMCL
_bgre
_dGR-AtMCL
_eAACR2
245 1 _aZen of Code Optimization
260 _bCoriolis Group Books,
_c1994
300 _a460
520 _aThis book is for all PC programmers who are interested in developing their programming skills. Preface, The Best Optimizer Is Between Your Ears, A World Apart, Assume Nothing, In the Lair of the Cycle-Eaters, Crossing the Boarder, Looking Past Face Value, Local Optimization, Speeding Up C with Assembly Language, Hints My Readers Gave Me, Patient Coding and Faster Code, Pushing the 286 and 386, Pushing the 486, Aiming the 486, Boyer-Moore String Searching, Linked Lists and Unintended Challenges, The Game of Life, Pentium Rules, Zenning and the Flexible Mind, Afterword, Index.
700 1 _aAbrash Michael
_94438
942 _cBK
999 _c3530
_d3530